000 00760nam a22002057a 4500
999 _c15781
_d15781
003 OSt
005 20201124110807.0
008 181213b ||||| |||| 00| 0 eng d
022 _a0730-3084
040 _c0
082 _aDPer 613.705 J863 Sept 2015-Apr 2016 v. 86-87
100 _aEllison, Douglas W.
_942566
245 _a Deliberate practice as a tool for effective teaching in physical education/
_cDouglas W. Ellison and Amelia Mays Woods.
_b
260 _aPhiladelphia:
_bShape America-Society of Health and Physical Educators,
_c©Sept 2015-Apr 2016.
300 _av87, n2, pages 15-19:
_billustrations;
_c28 cm.
500 _aJOPERD
650 _aPhysical education
_xTeaching.
_933110
700 _aWoods, A. M.
_eAuthor.
_942601
942 _2ddc
_cPER